|
|
|
|
| LEADER |
00000nam2a2200000 4500 |
| 001 |
174900 |
| 005 |
20240826161824.0 |
| 035 |
|
|
|a (RuTPU)RU\TPU\book\189658
|
| 090 |
|
|
|a 174900
|
| 100 |
|
|
|a 20100205d2009 km y0rusy50 ca
|
| 101 |
0 |
|
|a rus
|c rus
|
| 102 |
|
|
|a RU
|
| 105 |
|
|
|a a z 000zd
|
| 200 |
0 |
|
|a Т. 1-1
|
| 210 |
|
|
|d 2009
|
| 215 |
|
|
|a 448 с.
|c ил.
|
| 461 |
|
1 |
|0 (RuTPU)RU\TPU\book\190118
|t Тунгусский метеорит - история поисков 1908-1962
|f К. П. Коханов
|v Т. 1-1
|d 2009
|
| 600 |
|
1 |
|a Обручев
|b С. В.
|c российский геолог и географ
|f 1891-1965
|g Сергей Владимирович
|7 ca
|8 rus
|2 stltpush
|3 (RuTPU)RU\TPU\pers\11489
|9 2683
|
| 600 |
|
1 |
|a Кулик
|b Л. А.
|c российский минералог
|c организатор метеоритных исследований
|f 1883-1942
|g Леонид Алексеевич
|2 stltpush
|3 (RuTPU)RU\TPU\pers\12471
|9 3478
|
| 606 |
1 |
|
|a Тунгусский метеорит
|2 stltpush
|3 (RuTPU)RU\TPU\subj\66487
|9 82587
|
| 610 |
1 |
|
|a поиски
|
| 610 |
1 |
|
|a экспедиции
|
| 610 |
1 |
|
|a Курусский метеорит
|
| 675 |
|
|
|a 523.68
|v 3
|
| 801 |
|
1 |
|a RU
|b 63413507
|c 20100205
|
| 801 |
|
2 |
|a RU
|b 63413507
|c 20100225
|g RCR
|
| 942 |
|
|
|c BK
|